000
00260nam a2200109 a 4500
008
110105s1982|||| d
245
1
0
_a
Stručný životopis V.I. Lenina
260
_b
Pravda
_a
Bratislava
_c
1982
020
_c
12
041
_a
slo
044
_a
xo
_c
SK
999
_c
15540
_d
15540